000 00192nam a2200085Ia 4500
008 120527s9999 xx 000 0 und d
100 _aPrice & Lynn
245 _aAbnormal Psychology
942 _cBK
999 _c27473
_d27473